Tazkira Ghazi Qalndar / (Record no. 525440)

000 -LEADER
fixed length control field 00586nam a22001937a 4500
003 - CONTROL NUMBER IDENTIFIER
control field NUST
005 - DATE AND TIME OF LATEST TRANSACTION
control field 20190702063348.0
008 - FIXED-LENGTH DATA ELEMENTS--GENERAL INFORMATION
fixed length control field 190702b ||||| |||| 00| 0 eng d
038 ## - RECORD CONTENT LICENSOR
Staff Name Waseem
082 ## - DEWEY DECIMAL CLASSIFICATION NUMBER
Classification number 297.9924
Author Mark MUJ
100 ## - MAIN ENTRY--PERSONAL NAME
Personal name Jahlmi, Allma Tariq Mujahid
9 (RLIN) 16309
245 ## - TITLE STATEMENT
Title Tazkira Ghazi Qalndar /
Statement of responsibility, etc. Allma Tariq Mujahid jahlmi
260 ## - PUBLICATION, DISTRIBUTION, ETC.
Place of publication, distribution, etc. Jahlam :
Name of publisher, distributor, etc. Anjam printing ajncy publisher,
Date of publication, distribution, etc. 1998.
300 ## - PHYSICAL DESCRIPTION
Extent 160 p. ;
500 ## - GENERAL NOTE
General note Paperback.
880 ## - ALTERNATE GRAPHIC REPRESENTATION
Linkage 100-01\r
Title طارق مجاہد جہلمی
880 ## - ALTERNATE GRAPHIC REPRESENTATION
Linkage 245-02\r
Title تزکرہ غازی قلندر /
942 ## - ADDED ENTRY ELEMENTS (KOHA)
Source of classification or shelving scheme
Koha item type Book
Holdings
Withdrawn status Lost status Source of classification or shelving scheme Damaged status Not for loan Permanent Location Current Location Date acquired Total Checkouts Full call number Barcode Date last seen Price effective from Koha item type
          Central Library (CL) Central Library (CL) 07/02/2019   297.9924 MUJ CL-E-448 07/02/2019 07/02/2019 Book
© 2023 Central Library, National University of Sciences and Technology. All Rights Reserved.